Plan de operaciones interagencial ante acciones del crimen organizado en el nuevo puerto turístico de Maimón, Puerto Plata / (Registro nro. 1580)

Detalles MARC
000 -CABECERA
campo de control de longitud fija 01883nam a22002537a 4500
003 - IDENTIFICADOR DEL NÚMERO DE CONTROL
campo de control DO-SdBJH
005 - FECHA Y HORA DE LA ÚLTIMA TRANSACCIÓN
campo de control 20191031230634.0
008 - DATOS DE LONGITUD FIJA--INFORMACIÓN GENERAL
campo de control de longitud fija 171026b xxu||||| |||| 00| 0 esp d
040 ## - FUENTE DE LA CATALOGACIÓN
Centro/agencia transcriptor RCAA
Centro catalogador/agencia de origen DO-SdBJH
Lengua de catalogación spa
090 ## - LOCALMENTE ASIGNADO TIPO-LC NÚMERO DE CLASIFICACIÓN (OCLC); NÚMERO DE CLASIFICACIÓN LOCAL (RLIN)
Número de clasificación (OCLC) (R) ; Numero de clasificación, CALL (RLIN) (NR) TG EGCEMC
Número cutter local (OCLC) ; Número de libro/Signatura topográfica íntegra, CALL (RLIN) 01089 2016
100 1# - ENTRADA PRINCIPAL--NOMBRE DE PERSONA
Nombre de persona Colón Díaz, Manuel
Término indicativo de función/relación sustentante
245 10 - MENCIÓN DE TÍTULO
Título Plan de operaciones interagencial ante acciones del crimen organizado en el nuevo puerto turístico de Maimón, Puerto Plata /
Mención de responsabilidad, etc. Manuel Colón Díaz, asesores Rafael García Aybar, Fanny Torres
260 ## - PUBLICACIÓN, DISTRIBUCIÓN, ETC.
Lugar de publicación, distribución, etc. Santo Domingo :
Nombre del editor, distribuidor, etc. INSUDE,
Fecha de publicación, distribución, etc. 2016
300 ## - DESCRIPCIÓN FÍSICA
Extensión ix, 92 páginas, ilustraciones-tablas-gráficos
502 ## - NOTA DE TESIS
Nota de tesis Tesis (Especialidad en Comando y Estado Mayor Conjunto) -- Instituto Superior para la Defensa (INSUDE). -- Escuela de Graduados en Comando y Estado Mayor “General de División Gregorio Luperón”, 2016.
504 ## - NOTA DE BIBLIOGRAFÍA, ETC.
Nota de bibliografía, etc. Incluye referencias bibliográficas e índices
505 ## - NOTA DE CONTENIDO CON FORMATO
Nota de contenido con formato Normas y disposiciones jurídicas que rigen el sistema de proteccion marítimo. -- Portuario en la República Dominicana. -- Papel de los organismos e instituciones del estado al momento de brindar seguridad a las instalaciones. - Buques y personas que utilizan los puertos marítimos de República Dominicana, actos ilícitos mas frecuentes detectados en el sistema portuario nacional desde el año 2012 hasta el 2015. -- Plan de operaciones conjuntas para enfrentar la acciones del crimen organizado en el puerto de Maimón, Provincia Puerto Plata, desde el año 2017.
650 #4 - PUNTO DE ACCESO ADICIONAL DE MATERIA--TÉRMINO DE MATERIA
Término de materia o nombre geográfico como elemento de entrada Acciones del crimen organizado -- Puerto de Maimón
651 #4 - PUNTO DE ACCESO ADICIONAL DE MATERIA--NOMBRE GEOGRÁFICO
Nombre geográfico República Dominicana -- Puerto Plata -- Puerto marítimo
700 1# - PUNTO DE ACCESO ADICIONAL--NOMBRE DE PERSONA
Nombre de persona García Aybar, Rafael
Término indicativo de función/relación asesor
700 1# - PUNTO DE ACCESO ADICIONAL--NOMBRE DE PERSONA
Nombre de persona Torres, Fanny
Término indicativo de función/relación asesor
830 ## - PUNTO DE ACCESO ADICIONAL DE SERIE-TÍTULO UNIFORME
Título uniforme INSUDE. Escuela de Graduados en Comando y Estado Mayor “General de División Gregorio Luperón”. Tesis y disertaciones académicas
942 ## - ELEMENTOS DE PUNTO DE ACCESO ADICIONAL (KOHA)
Fuente del sistema de clasificación o colocación Clasificación Local
Tipo de ítem Koha Tesis
Existencias
Estado de retiro Estado de pérdida Fuente del sistema de clasificación o colocación Estado dañado No para préstamo Código de colección Localización permanente Ubicación/localización actual Fecha de adquisición Número de inventario Total de préstamos Signatura topográfica completa Código de barras Fecha visto por última vez Número de copia Precio válido a partir de Tipo de ítem Koha
    Clasificación Local   Préstamo Interno Trabajos de Grado e Investigción SIBM UNADE - Biblioteca Sede Central SIBM UNADE - Biblioteca Sede Central 10/26/2017 16-01089   TG EGCEMC 01089 2016 16-01089 10/06/2018 e.1 10/26/2017 Tesis
© Copyright 2016. Universidad Nacional para la Defensa.Todos los derechos reservados.

 

Designed & Maintained by: https://www.sibdweb.com.do
Sistema de Información & Bibliotecas (SIBD). Contact: pbrito2005@gmail.com